00766nam a2200181Ia 4500999001500000003000900015005001700024008004100041040002800082090002100110110006300131245008600194260008000280300004700360650001600407942001200423952014900435 c2625d2625DO-SdBJH20180416034458.0180414s9999 dr 000 0 spa d aDO-SdBJHbspacDO-SdBJH aDM FM 100-5 1993 aInstituto de Cooperación para la Seguridad Hemisférica10aFM 100-5 Operaciones / Instituto de Cooperación para la Seguridad Hemisférica aFuerte Benning, Georgia : Cuartel General Secretaría del Ejército, 1993 aviii, 293 páginas en varias paginaciones 4aOperaciones 2ddccBK 00102ddc40708DMaBEGEMbBEGEMcGENd2018-04-14i18-EERD-00922l0oDM FM 100-5 1993p18-EERD-00922r2018-04-14 00:00:00tEj.1w2018-04-14yBK